000 00734nam a2200253 i 4500
001 38324
003 ES-MaACL
005 20250830220939.0
007 t|
008 030225s1953 xxu ||||1| eng d
080 _a001.894(091)
080 _a929(73):001.894
080 _a930.85(73)
100 1 _aBurlingame, Roger.
_932716
245 1 0 _aMachines that built America /
_cRoger Burlingame.
250 _a[3rd ed.].
260 _aNew York :
_bNew American Library,
_c[1953]
300 _a166 p. ;
_c18 cm.
650 4 _aInventos-
_xHistoria.
_9141644
650 4 _aInventores-
_zEstados Unidos.
_9141645
651 4 _aEstados Unidos-
_xCivilización
_98535
852 _aES-MaACL
_jC-36312
_bR.66102
999 _c38324
_d38324